Gdańsk '45 - działania zbrojne
| Titel: | Gdańsk '45 - działania zbrojne : opanowanie Pomorza Gdańskiego przez Armię Czerwoną / Tomasz Gliniecki |
|---|---|
| Verfasser: | |
| Veröffentlicht: |
Łódź : Księży Młyn Dom Wydawniczy, 2024 Gdynia : Wydawnictwo Region, 2024 Sztutowo : Muzeum Stutthof, 2024 |
| Umfang: | 454 Seiten : Karten ; 25 cm |
| Format: | Buch |
| Sprache: | Polnisch |
| ISBN: | 9788377297438 ; 9788396803566 ; 9788383650104 |
| Hinweise zum Inhalt: |
Inhaltsverzeichnis
Cover Register Abstract |
alg: 52082542 001A $03004:22-08-24 001B $01999:04-12-25 $t22:15:36.000 001D $03004:22-08-24 001U $0utf8 001X $00 002@ $0Aau 002C $aText $btxt $2rdacontent 002D $aohne Hilfsmittel zu benutzen $bn $2rdamedia 002E $aBand $bnc $2rdacarrier 003@ $052082542X 003O $01437520171 $aOCoLC 004A $A978-83-7729-743-8 004A $A978-83-968035-6-6 004A $A978-83-8365-010-4 006C $01437865675 $aOCoLC 006G $01337633097 006U $025,A19 $f20240801 007A $0BV049680301 $aBVB 007G $0DE020120B16EA286C47D4C1258BA3003D640C 009P $qapplication/pdf $A2 $3Inhaltsverzeichnis $uhttp://scans.hebis.de/HEBCGI/show.pl?52082542_toc.pdf $mV:DE-603;B:DE-Mb50 009P $qapplication/pdf $A2 $3Cover $uhttp://scans.hebis.de/HEBCGI/show.pl?52082542_cov.pdf $mV:DE-603;B:DE-Mb50 009P $qapplication/pdf $A2 $3Register $uhttp://scans.hebis.de/HEBCGI/show.pl?52082542_idx.pdf $mV:DE-603;B:DE-Mb50 009P $qapplication/pdf $A2 $3Abstract $uhttp://scans.hebis.de/HEBCGI/show.pl?52082542_sum.pdf $mV:DE-603;B:DE-Mb50 010@ $apol 010E $erda 011@ $a2024 $n2024 021A $aGdańsk '45 - działania zbrojne $dopanowanie Pomorza Gdańskiego przez Armię Czerwoną $hTomasz Gliniecki 028A $BVerfasser $4aut $71166669793 $8Gliniecki, Tomasz$Z1967- [Tp3] $9436507706 033A $pŁódź $nKsięży Młyn Dom Wydawniczy 033A $pGdynia $nWydawnictwo Region 033A $pSztutowo $nMuzeum Stutthof 034D $a454 Seiten 034I $a25 cm 034M $aKarten 044A $aArmia Czerwona $2dbn $S17 $N610 044A $aWehrmacht $2dbn $S17 $N610 044A $aNiemcy $2dbn $S#7 $N651 044A $aPomorze Gdańskie $2dbn $S#7 $N651 044A $aZSRR $2dbn $S#7 $N651 044A $aOperacja pomorska (1945) $2dbn $S#7 $N650 044K $qBVB $#Danzig $#Ville Libre de Danzig $#Dantzig $#Ville Libre de Dantzig $#Freistaat Danzig $#Gdańsk $#Freie Stadt Danzig $#Urząd Miejski w Gdańsku $#Gyddanzyc $#Gedanum $#Dantiscum $74011039-4 $8Danzig [Tg1] $9085022225 044K $qBVB $#Pommerellen $#Pomorze Gdanskie $#Pomerellen $#Pomorze Gdańskie $#Pomorze Nadwiślańskie $#Pomorze Wschodnie $#Herzogtum Pommerellen $#Woiwodschaft Pommern 1919-1939 $#Woiwodschaft Pommerellen $#Pòrénkòwô Pòmòrskô $#Pomerelia $#Pomoří $74046742-9 $8Pommerellen [Tg1] $9085130346 044K $qBVB $RRossijskaja Social'-Demokratičeskaja Rabočaja Partija (Bol'ševikov) $RRussische SFSR $RSowjetunion $#Raboče-Krestʹjanskaja Krasnaja Armija Sowjetunion $#Sowjetunion, Krasnaja Armija $#Krasnaja Armija Sowjetunion $#Sowjetunion, Red Army $#Red Army Sowjetunion $#Sowjetunion, Armée rouge $#Armée rouge Sowjetunion $#Sowjetunion, Rote Armee $#Rote Armee Sowjetunion $#RKKA SSSR $7130443-4 $8Sowjetunion$bRaboče-Krestʹjanskaja Krasnaja Armija [Tb1] $9040793427 044K $qBVB $RDeutsches Reich $#Wehrmacht Deutsches Reich $#Deutsches Reich, Armed Forces $#Armed Forces Deutsches Reich $#Deutsche Wehrmacht $#German Armed Forces $726159-2 $8Deutsches Reich$bWehrmacht [Tb1] $9040317749 044K $qBVB $RWeltkrieg $#World War, 1939-1945 $#Guerre mondiale (1939-1945) $#Weltkrieg 1939-1945 $#2. Weltkrieg $#Weltkrieg 2 $#II. Weltkrieg $#Weltkrieg II $74079167-1 $8Zweiter Weltkrieg [Tsz] $9085224618 045E $c355 $c940 $c943 045F $a355.00943809044 $eDDC22BSB 045F/01 $a355.009 045F/03 $f09044 045F/03 $g438 045F/03 $g478 045F/03 $g43 045R $aGeschichte 1945 045T $aOST $qDE-12 $2FID 045T $aHIST $qDE-12 $2FID 046L $aZusammenfassung in englischer Sprache lok: 52082542 24 exp: 52082542 24 1 #EPN 201B/01 $020-09-24 $t09:55:36.000 201C/01 $022-08-24 201U/01 $0utf8 203@/01 $01269225391 208@/01 $a20-09-24 $bz 209A/01 $a24.05218 $du $f050 $h24 05218 $x00 209C/01 $a24.05218 K $h24 05218 K 209G/01 $a74893570 $x00 220C/01 $ahae 247C/01 $8358050-7Marburg, Bibliothek des Herder-Instituts Marburg $9102600961 lok: 52082542 78 exp: 52082542 78 1 #EPN 201B/01 $005-06-25 $t11:54:36.000 201C/01 $005-06-25 201U/01 $0utf8 203@/01 $01305353528 208@/01 $a05-06-25 $be 209A/01 $a/ $f000 $x00 209A/01 $ab*p $x01 220C/01 $apgar 244Z/01 $#Generalgouvernement Polen $#Polska $#Rzeczpospolita Polska $#Polska Rzeczpospolita Ludowa $#Poland $#Pologne $#République Polonaise $#Generalne Gubernatorstwo w Polsce $#Polish People's Republic $#Polska Rzeczpospolita Polen $#PRL $#RP $#Polen Generalgouvernement $#Polska Generalgouvernement $#Besetzte Polnische Gebiete $#Besetztes Gebiet in Polen $#Okupowane Polskie Obszary $#Obszary Okupowane w Polsce $#Volksrepublik Polen $#Polska Rosyjska $#Republic Polen $#Respublika Pol'ša $#Pol'skaja Narodnaja Respublika $#République de Pologne $#Polen Links der Weichsel $#Polska po Lewej Stronie Wisły $#Lenkija $#Polija $#Gubernija Carstva Pol'skago $#Republik Polen $74046496-9 $8--Tg1--Polen $x01 $9085129801 244Z/01 $#Preußen $#Preußen $#Brandenburg-Preußen $#Königreich Preußen $#Preußische Staaten $#Preußischer Staat $#Der @Preußische Staat $#Königlich Preußische Staaten $#Prusy Królewskie $#Königlich Preußen $#Prussia $74047194-9 $8--Tg1--Preußen $x06 $9085131652 247C/01 $82080>Marburg/Lahn, Herder-Institut, Forschungsbibliothek, Bibliographieportal $9336309341
| LEADER | 00000cam a2200000 c 4500 | ||
|---|---|---|---|
| 001 | 52082542X | ||
| 003 | DE-603 | ||
| 005 | 20251204221536.0 | ||
| 007 | tu | ||
| 008 | 240822s2024 xx |||| | u00||u|pol | ||
| 015 | |a 25,A19 |2 dnb | ||
| 016 | 7 | |2 DE-101 |a 1337633097 | |
| 020 | |a 9788377297438 | ||
| 020 | |a 9788396803566 | ||
| 020 | |a 9788383650104 | ||
| 035 | |a (DE-599)BVBBV049680301 | ||
| 035 | |a (OCoLC)1437520171 | ||
| 040 | |a DE-603 |b ger |c DE-603 |d DE-603 |e rda | ||
| 041 | |a pol | ||
| 082 | 0 | 4 | |8 1\u |a 355.00943809044 |q DE-101 |2 22/BSB |
| 084 | |a 355 |a 940 |a 943 |q DE-101 |2 sdnb | ||
| 084 | |a OST |q DE-12 |2 fid | ||
| 084 | |a HIST |q DE-12 |2 fid | ||
| 085 | |8 1\u |b 355.009 | ||
| 085 | |8 1\u |z 1 |s 09044 | ||
| 085 | |8 1\u |z 2 |s 438 | ||
| 085 | |8 1\u |z 2 |s 478 | ||
| 085 | |8 1\u |z 2 |s 43 | ||
| 100 | 1 | |a Gliniecki, Tomasz |d 1967- |e Verfasser |4 aut |0 (DE-603)436507706 |0 (DE-588)1166669793 |2 gnd | |
| 245 | 0 | 0 | |a Gdańsk '45 - działania zbrojne |b opanowanie Pomorza Gdańskiego przez Armię Czerwoną |c Tomasz Gliniecki |
| 264 | 1 | |a Łódź |b Księży Młyn Dom Wydawniczy |c 2024 | |
| 264 | 1 | |a Gdynia |b Wydawnictwo Region |c 2024 | |
| 264 | 1 | |a Sztutowo |b Muzeum Stutthof |c 2024 | |
| 300 | |a 454 Seiten |b Karten |c 25 cm | ||
| 336 | |a Text |b txt |2 rdacontent | ||
| 337 | |a ohne Hilfsmittel zu benutzen |b n |2 rdamedia | ||
| 338 | |a Band |b nc |2 rdacarrier | ||
| 546 | |a Zusammenfassung in englischer Sprache | ||
| 610 | 1 | 7 | |a Sowjetunion |b Raboče-Krestʹjanskaja Krasnaja Armija |2 gnd |0 (DE-588)130443-4 |0 (DE-603)040793427 |
| 610 | 1 | 7 | |a Deutsches Reich |b Wehrmacht |2 gnd |0 (DE-588)26159-2 |0 (DE-603)040317749 |
| 648 | 7 | |a Geschichte 1945 |2 gnd | |
| 650 | 7 | |a Zweiter Weltkrieg |0 (DE-588)4079167-1 |0 (DE-603)085224618 |2 gnd | |
| 651 | 7 | |a Danzig |0 (DE-588)4011039-4 |0 (DE-603)085022225 |2 gnd | |
| 651 | 7 | |a Pommerellen |0 (DE-588)4046742-9 |0 (DE-603)085130346 |2 gnd | |
| 856 | 4 | 2 | |m V:DE-603;B:DE-Mb50 |q application/pdf |u http://scans.hebis.de/HEBCGI/show.pl?52082542_toc.pdf |3 Inhaltsverzeichnis |
| 856 | 4 | 2 | |m V:DE-603;B:DE-Mb50 |q application/pdf |u http://scans.hebis.de/HEBCGI/show.pl?52082542_cov.pdf |3 Cover |
| 856 | 4 | 2 | |m V:DE-603;B:DE-Mb50 |q application/pdf |u http://scans.hebis.de/HEBCGI/show.pl?52082542_idx.pdf |3 Register |
| 856 | 4 | 2 | |m V:DE-603;B:DE-Mb50 |q application/pdf |u http://scans.hebis.de/HEBCGI/show.pl?52082542_sum.pdf |3 Abstract |
| 924 | 0 | |9 Mb 50 |a (DE-603)1269225391 |b DE-Mb50 |c HES |d c |g 24.05218 | |
| 924 | 0 | |9 2080 |a (DE-603)1305353528 |b DE-2080 |c HES |d d |g / | |


